PRINCIPLES OF MEDICINAL CHEMISRY (Record no. 22945)
[ view plain ]
| 000 -LEADER | |
|---|---|
| fixed length control field | 00356nam a22001577a 4500 |
| 003 - CONTROL NUMBER IDENTIFIER | |
| control field | SGT |
| 020 ## - INTERNATIONAL STANDARD BOOK NUMBER | |
| International Standard Book Number | 9788185790046 |
| 082 ## - DEWEY DECIMAL CLASSIFICATION NUMBER | |
| Classification number | 615.19 |
| Item number | P22K |
| 100 ## - MAIN ENTRY--PERSONAL NAME | |
| Personal name | KADAM, S.S |
| 245 ## - TITLE STATEMENT | |
| Title | PRINCIPLES OF MEDICINAL CHEMISRY |
| 260 ## - PUBLICATION, DISTRIBUTION, ETC. (IMPRINT) | |
| Place of publication, distribution, etc | PUNE |
| Name of publisher, distributor, etc | NIRALI PRAK |
| Year of Publication | 2022 |
| 300 ## - PAGE DESCRIPTION | |
| No. of Pages | I:12 |
| 650 ## - SUBJECT ADDED ENTRY--TOPICAL TERM | |
| Topical term or geographic name as entry element | MEDICINAL CHEMISTRY |
| 653 ## - KEYWORDS--INDEX TERM | |
| Keyword term | PRINICIPLES |
| 942 ## - ADDED ENTRY ELEMENTS (KOHA) | |
| Source of classification or shelving scheme | Dewey Decimal Classification |
| Koha item type | Books |
No items available.